000
00296nam a2200121Ia 4500
005
20251222144827.0
008
251222s9999||||xx |||||||||||||| ||spa||
082
_a
901/B94
100
_a
"Burckhardt, Jacob"
245
0
_a
Reflexiones sobre la historia universal
250
_a
2a.ed.
942
_c
LIB
999
_c
20701
_d
20701